LEADER 01671nam 2200529 450 001 9910466923103321 005 20200520144314.0 010 $a3-11-143297-1 024 7 $a10.1515/9783111432977 035 $a(CKB)3800000000419306 035 $a(MiAaPQ)EBC5157559 035 $a(DE-B1597)115501 035 $a(OCoLC)1002222290 035 $a(DE-B1597)9783111432977 035 $a(Au-PeEL)EBL5157559 035 $a(CaPaEBR)ebr11567754 035 $a(OCoLC)1039691502 035 $a(EXLCZ)993800000000419306 100 $a20180816d1901 uy 0 101 0 $ager 135 $aurcnu|||||||| 181 $ctxt$2rdacontent 182 $cc$2rdamedia 183 $acr$2rdacarrier 200 00$aAcarina $eHydrachnidae und Halacaridae /$fbearbeitet von R. Piersig und H. Lohmann 205 $aReprint 2017 210 1$aBerlin :$cVerlag von R. Friedla?nder und Sohn,$d1901. 215 $a1 online resource (356 pages) 225 1 $aDas Tierreich ;$v13 311 $a3-11-106746-7 327 $tFrontmatter -- $tVorbemerkung -- $tInhalt -- $tLitteratur-Kürzungen -- $tSystematischer Index -- $tFam. Hydrachnidae -- $tFam. Halacaridae -- $tZusätze und Berichtigungen -- $tAlphabetisches Register -- $tNomenciator generum et subgenerum 410 0$aTierreich ;$v13. 606 $aMites 606 $aWater mites 608 $aElectronic books. 615 0$aMites. 615 0$aWater mites. 676 $a595.42 702 $aPiersig$b R. 702 $aLohmann$b H. 801 0$bMiAaPQ 801 1$bMiAaPQ 801 2$bMiAaPQ 906 $aBOOK 912 $a9910466923103321 996 $aAcarina$91975269 997 $aUNINA LEADER 02017nas 2200493-a 450 001 996335853603316 005 20230227213019.0 011 $a1942-3187 035 $a(OCoLC)47991420 035 $a(CKB)1000000000392646 035 $a(CONSER)--2007228534 035 $a(EXLCZ)991000000000392646 100 $a20010919b19902012 sa- a 101 0 $aeng 135 $aur||||||||||| 181 $ctxt$2rdacontent 182 $cc$2rdamedia 183 $acr$2rdacarrier 200 10$aBackground notes 210 $a[Washington, D.C.] $c[U.S. Dept. of State, Bureau of Public Affairs, Office of Public Communications] 215 $a1 online resource (volumes) 311 $a1942-3195 330 $a"These publications include facts about the land, people, history, government, political conditions, economy, and foreign relations of independent states, some dependencies, and areas of special sovereignty. The Background Notes are updated/revised by the Office of Electronic Information and Publications of the Bureau of Public Affairs as they are received from the Department's regional bureaus and are added to the database of the Department of State website ..." 606 $aGeography 606 $aArea studies 606 $aArea studies$2fast$3(OCoLC)fst00814190 606 $aGeography$2fast$3(OCoLC)fst00940469 606 $aDiplomatic relations$2fast$3(OCoLC)fst01907412 607 $aUnited States$xForeign relations 607 $aUnited States$2fast 608 $aPeriodicals.$2fast 610 $aCountry profiles 615 0$aGeography. 615 0$aArea studies. 615 7$aArea studies. 615 7$aGeography. 615 7$aDiplomatic relations. 676 $a910.5 712 02$aUnited States.$bDepartment of State.$bOffice of Public Communication. 712 02$aUnited States.$bDepartment of State.$bElectronic Information and Publications Office. 906 $aJOURNAL 912 $a996335853603316 996 $aBackground notes$91177140 997 $aUNISA